most viewed movie trailers - Statistics

General Stats
  • This quiz has been taken 6 times
  • The average score is 19 of 278
Answer Stats
Hint Answer % Correct
44M Views (2012) Official Trailer The Avengers
100%
42M Views (2015) Official Trailer 2 | 68M Views (2015) Official Trailer Minions
75%
66M Views (2022) Main Trailer The Batman
75%
43M Views (2016) Red Band Trailer Deadpool
50%
34M Views (2018) Final Trailer | 51M Views (2018) Official Trailer Deadpool 2
50%
49M Views (2013) Teaser Trailer Frozen
50%
42M Views (2014) Official Trailer Interstellar
50%
70M Views (2013) Teaser Trailer Iron Man 3
50%
41M Views (2017) Official Trailer 1 Justice League
50%
36M Views (2025) Official Trailer | 61M Views (2025) Official Teaser Trailer Superman
50%
29M Views (2015) Official Trailer The Revenant
50%
70M Views (2019) Official Trailer Toy Story
50%
26M Views (2019) Official Trailer 2 | 58M Views (2019) Official Teaser Trailer Toy Story 4
50%
29M Views (2019) Official Trailer 1917
25%
34M Views (2019) Official Trailer Aladdin
25%
66M Views (2018) Official Trailer 1 Aquaman
25%
45M Views (2018) Teaser Trailer | 55M Views (2018) Official Trailer Black Panther
25%
34M Views (2010) Official Trailer Black Swan
25%
35M Views (2021) Official Trailer | 49M Views (2021) Teaser Trailer Black Widow
25%
39M Views (2017) Official Trailer Blade Runner 2049
25%
37M Views (2022) Official Trailer Bullet Train
25%
90M Views (2016) Trailer 2 Captain America: Civil War
25%
52M Views (2019) Official Trailer 2 | 62M Views (2019) Official Trailer Captain Marvel
25%
50M Views (2017) Trailer 1 Dunkirk
25%
103M Views (2019) Official Trailer | 42M Views (2019) Official Trailer 2 | 49M Views (2019) Official Teaser Trailer Frozen 2
25%
42M Views (2014) Main Trailer Godzilla
25%
33M Views (2015) Trailer 2 Inside Out
25%
103M Views (2019) Final Trailer | 87M Views (2019) Teaser Trailer Joker
25%
31M Views (2015) Official Global Trailer | 94M Views (2015) Official Trailer Jurassic World
25%
45M Views (2016) Official Trailer La La Land
25%
41M Views (2019) Official Trailer Once Upon a Time In Hollywood
25%
51M Views (2019) Official Teaser Trailer | 88M Views (2019) Official Trailer Spider-Man Far From Home
25%
43M Views (2018) Official Trailer Spider-Man Into The Spider-Verse
25%
99M Views (2016) Official Trailer 1 Suicide Squad
25%
40M Views (2012) Official Trailer The Dark Knight Rises
25%
36M Views (2014) Official Main Trailer The Lego Movie
25%
78M Views (2019) Official Trailer The Lion King
25%
27M Views (2011) Official Trailer Thor
25%
53M Views (2017) Teaser Trailer | 84M Views (2017) Official Trailer Thor: Ragnarok
25%
31M Views (2017) Official Trailer Wonder Woman
25%
33M Views (2025) Official Trailer 28 Years Later
0%
30M Views (2023) Official Trailer 65
0%
32M Views (2017) Official Trailer Alien: Covenant
0%
27M Views (2014) Official Trailer American Sniper
0%
31M Views (2025) Official Trailer | 39M Views (2025) Final Trailer | 43M Views (2025) Teaser A Minecraft Movie
0%
49M Views (2014) Official Main Trailer Anabelle
0%
28M Views (2017) Official Trailer Anabelle: Creation
0%
27M Views (2015) Trailer 1 Ant-Man
0%
32M Views (2018) Official Trailer Ant-Man And The Wasp
0%
35M Views (2023) Official Trailer Ant-Man And The Wasp: Quantumania
0%
37M Views (2018) Official Trailer A Quiet Place
0%
29M Views (2024) Official Trailer A Quiet Place Day One
0%
30M Views (2020) Official Trailer A Quiet Place Part 2
0%
26M Views (2016) Official Trailer Arrival
0%
43M Views (2025) Official Trailer Avatar: Fire And Ash
0%
29M Views (2022) Official Teaser Trailer | 62M Views (2022) Official Trailer Avatar: The Way Of Water
0%
47M Views (2015) Official Trailer 3 | 95M Views (2015) Official Teaser Avengers: Age Of Ultron
0%
166M Views (2019) Official Trailer Avengers: Endgame
0%
269M Views (2018) Official Trailer Avengers: Infinity War
0%
27M Views (2025) Official Trailer Ballerina
0%
90M Views (2023) Main Trailer Barbie
0%
80M Views (2016) Comic-Con Trailer Batman v Superman
0%
27M Views (2024) Official Trailer 2 Beetlejuice Beetlejuice
0%
31M Views (2022) Official Trailer 2 | 34M Views (2022) Official Trailer 1 Black Adam
0%
48M Views (2022) Official Teaser Trailer Black Panther: Wakanda Forever
0%
32M Views (2023) Official Trailer Blue Beetle
0%
28M Views (2018) Official Teaser Trailer Bumblebee
0%
31M Views (2021) Official Trailer 2 Candyman
0%
27M Views (2025) Official Trailer Captain America: Brave New World
0%
34M Views (2014) Trailer 2 Captain America: The Winter Soldier
0%
33M Views (2011) Trailer 2 Cars 2
0%
33M Views (2017) Official Trailer Cars 3
0%
26M Views (2023) Official Trailer Cocaine Bear
0%
25M Views (2024) Official Trailer Conclave
0%
38M Views (2019) Official Trailer Crawl
0%
29M Views (2015) Official Trailer Creed
0%
33M Views (2024) Official Teaser | 39M Views (2024) Official Trailer Deadpool & Wolverine
0%
124M (2013) Official Trailer Despicable Me 2
0%
41M Views (2017) Official Trailer Despicable Me 3
0%
29M Views (2024) Official Trailer Despicable Me 4
0%
32M Views (2026) Official Teaser Disclosure Day
0%
39M Views (2014) Official Trailer Divergent
0%
45M Views (2016) Official Trailer 2 Doctor Strange
0%
43M Views (2022) Official Teaser | 66M Views (2022) Official Trailer Doctor Strange In The Multiverse Of Madness
0%
35M Views (2025) Official Trailer Dog Man
0%
35M Views (2016) Official Trailer Don't' Breathe
0%
29M Views (2021) Official Trailer Don't Breathe 2
0%
36M Views (2021) Official Main Trailer | 48M Views (2021) Official Trailer Dune
0%
27M Views (2024 Official Trailer 2 | 30M Views (2024) Official Trailer Dune: Part Two
0%
50M Views (2023) Official Trailer Elemental
0%
33M Views (2021) Official Teaser | 50M Views (2021) Final Trailer Eternals
0%
35M Views (2022) Official Trailer Everything Everywhere All At Once
0%
49M Views (2021 Official Trailer 2 | 55M Views (2021) Official Trailer F9
0%
29M Views (2013) Official Trailer 1 Fast & Furious 6
0%
31M Views (2023) Official Trailer 2 | 43M Views (2023) Official Trailer Fast X
0%
112M Views (2015) Official Trailer Fifty hades Of Grey
0%
41M Views (2025) Official Trailer Final Destination: Bloodlines
0%
27M Views (2023) Official Trailer 2 | 33M Views (2023) Official Teaser | 46M Views (2023) Official Trailer Five Nights At Freddy's
0%
36M Views (2025) Official Trailer 2 Five Nights At Freddy's 2
0%
29M Views (2024) Official Trailer 1 Furiosa: A Mad Max Saga
0%
75M Views (2015) Official Trailer Furious 7
0%
26M Views (2021) Official Trailer Ghostbusters: Afterlife
0%
25M Views (2024) Official Trailer Ghostbusters: Frozen Empire
0%
30M Views (2026) New Trailer | 36M Views (2026) Official Teaser Trailer Goat
0%
32M Views (2019) Final Trailer Godzilla: King Of The Monsters
0%
110M Views (2021) Official Trailer Godzilla Vs Kong
0%
38M Views (2024) Official Trailer | 46M Views (2024) Official Trailer 2 Godzilla x Kong: The New Empire
0%
35M Views (2023) Official Trailer Guardians Of The Galaxy Vol 3
0%
29M Views (2016) Official Trailer Hacksaw Ridge
0%
38M Views (2018) Official Trailer Halloween
0%
34M Views (2018) Official Trailer Hereditary
0%
124M Views (2019) Official Trailer Hobbs & Shaw
0%
41M Views (2015) Official Trailer Hotel Transylvania 2
0%
45M Views (2025) Official Trailer How To Train Your Dragon
0%
34M Views (2019) Official Trailer How To Train Your Dragon: The Hidden World
0%
166M Views (2018) Official Trailer | 90M Views (2018) Official Teaser Incredibles 2
0%
29M Views (2024) Teaser Trailer | 68M Views (2024) Official Trailer Inside Out 2
0%
48M Views (2017) Official Trailer 1 | 73M Views (2017) Official Teaser Trailer It
0%
43M Views (2019) Final Trailer | 51M Views (2019) Official Teaser Trailer It Chapter Two
0%
36M Views (2024) Official Trailer It Ends With Us
0%
38M Views (2019) New Trailer | 44M Views (2019) Official Trailer John Wick Chapter 3
0%
32M Views (2023) Final Trailer | 53M Views (2023) Official Trailer John Wick Chapter 4
0%
28M Views (2019) Final Trailer | 47M Views (2019) Official Trailer Jumanji: The Next Level
0%
38M Views (2017) Official Trailer Jumanji: Welcome To The Jungle
0%
34M Views (2022) Trailer 2 | 64M Views (2022) Official Trailer Jurassic World: Dominion
0%
29M Views (2018) Final Trailer | 70M Views (2018) Official Trailer Jurassic World: Fallen Kingdom
0%
55M Views (2025) Official Trailer Jurassic World: Rebirth
0%
28M Views (2016) Official Trailer Kung Fu Panda 3
0%
37M Views (2024) Official Trailer Kung Fu Panda 4
0%
38M Views (2017) Official Trailer Logan
0%
41M Views (2015) Official Main Trailer Mad Max: Fury Road
0%
43M Views (2013) Official Trailer 2 | 52M Views (2013) Official Trailer 3 Man Of Steel
0%
29M Views (2025) Official Trailer Marty Supreme
0%
36M Views (2026) Official Teaser Trailer Masters Of The Universe
0%
49M Views (2023) Official Trailer Meg 2: The Trench
0%
39M Views (2023) Official Trailer Megan
0%
26M Views (2025) Official Trailer 2 Mickey 17
0%
28M Views (2019) Official Trailer Midsommar
0%
38M Views (2022) Official Trailer Minions: The Rise Of Gru
0%
33M Views (2023) Official Trailer Mission Impossible: Dead Reckoning
0%
44M Views (2018) Official Trailer Mission Impossible: Fallout
0%
28M Views (2025) Official Trailer Mission Impossible: The Final Reckoning
0%
48M Views (2016) Official Trailer Moana
0%
31M Views (2024) Teaser Trailer Moana 2
0%
38M Views (2023) Official Trailer Napoleon
0%
31M Views (2022) Official Trailer Nope
0%
27M Views (2021) Official Trailer No Time To Die
0%
48M Views (2023) Official Trailer | 74M Views (2023) New Trailer Oppenheimer
0%
78M Views (2019) Official Trailer 1 Pokémon Detective Pikachu
0%
49M Views (2017) Official Trailer Power Rangers
0%
28M Views (2025) Official Trailer Predator: Badlands
0%
27M Views (2019) Official Trailer Rambo: Last Blood
0%
49M Views (2018) Official Trailer 1 Rampage
0%
39M Views (2018) Official Trailer 1 Ready Player One
0%
46M Views (2016) Official Teaser Trailer Rogue One: a Star Wars Story
0%
29M Views (2016) Trailer 2 | 43M Views (2016) Official Trailer Rogue One: A Star Wars Story
0%
39M Views (2023) Official Trailer Saw X
0%
25M Views (2022) Official Trailer Scream 5
0%
31M Views (2021) Official Teaser | 33M Views (2021) Official Trailer Shang-Chi
0%
49M Views (2019) Official Teaser Trailer Shazam
0%
47M Views (2021) Official Trailer Sing 2
0%
32M Views (2025) Official Trailer 2 Sinners
0%
32M Views (2012) Official Trailer Skyfall
0%
28M Views (2018) Official Trailer Skyscraper
0%
45M Views (2022) Official Trailer Smile
0%
56M Views (2020) Official Trailer Sonic The Hedgehog
0%
38M Views (2022) Final Trailer | 40M Views (2022) Official Trailer Sonic The Hedgehog 2
0%
29M Views (2024) Official Trailer Sonic The Hedgehog 3
0%
38M Views (2023) Official Trailer | 53M Views (2023) Official Trailer Spider-Man Across The Spider-Verse
0%
29M Views (2017) Official Trailer Spider-Man Homecoming
0%
85M Views (2021) Official Trailer | 94M Views (2021) Official Teaser Trailer Spider-Man No Way Home
0%
112M Views (2015) Official Trailer Star Wars The Force: Awakens
0%
45M Views (2017) Official Teaser | 59M Views (2017) Official Trailer Star Wars: The Last Jedi
0%
37M Views (2019) Teaser | 51M Views (2019) Final Trailer Star Wars: The Rise Of Skywalker
0%
25M Views (2012) Trailer Ted
0%
33M Views (2015) Official Trailer Ted 2
0%
33M Views (2020) Official Trailer | 39M Views (2020) New Trailer Tenet
0%
26M Views (2023) Official Trailer Thanksgiving
0%
42M Views (2014) Official Trailer The Amazing Spider-Man 2
0%
39M Views (2016) Official Teaser Trailer The Angry Birds Movie
0%
41M Views (2022) Official Trailer 1 The Bad Guys
0%
41M Views (2025) Official Trailer 2 The Bad Guys 2
0%
40M Views (2021) Official Trailer The Black Phone
0%
39M Views (2026) Official Trailer The Bride
0%
39M Views (2013) Official Main Trailer The Conjuring
0%
41M Views (2016) Main Trailer The Conjuring 2
0%
27M Views (2025) Official Teaser The Conjuring: Last Rites
0%
32M Views (2021 Official Trailer The Conjuring: The Devil Made Me Do It
0%
31M Views (2017) Official Trailer The Dark Tower
0%
26M Views (2023) Official Trailer The Expendables 4
0%
32M Views (2024) Official Trailer 2 The Fall Guy
0%
31M Views (2025) Official Teaser The Fantastic Four: First Steps
0%
34M Views (2017) Official Trailer The Fate Of The Furious
0%
33M Views (2023) Official Trailer 2 The Flash
0%
52M Views (2018) Official Trailer The Grinch
0%
27M Views (2014) Official Teaser The Hobbit: The Battle Of The Five Armies
0%
49M Views (2021) Official Trailer 1 The Matrix Resurrections
0%
53M Views (2018) Official Trailer The Meg
0%
53M Views (2017) Official Trailer The Mummy
0%
31M Views (2022) Official Trailer The Northman
0%
59M Views (2018) Official Teaser Trailer The Nun
0%
49M Views (2023) Official Trailer The Nun 2
0%
41M Views (2026) Official Trailer The Odyssey
0%
43M Views (2013) Official Trailer 1 The Purge
0%
36M Views (2016) Official Teaser Trailer The Secret Life Of Pets
0%
25M Views (2016) Official Trailer 2 The Shallows
0%
27M Views (2017) Official Trailer The Shape Of Water
0%
35M Views (2023) Official Trailer The Super Mario Bros Movie
0%
33M Views (2013) Official Trailer The Wolf Of Wall Street
0%
46M Views (2022) Official Teaser | 60M Views (2022) Official Trailer Thor: Love And Thunder
0%
44M Views (2022) Official Trailer Top Gun: Maverick
0%
37M Views (2023) Official Trailer Transformers: Rise Of The Beasts
0%
25M Views (2024) Official Trailer | 31M Views (2024) Official Trailer 2 Twisters
0%
26M Views (2022) Official Trailer Uncharted
0%
38M Views (2019) Official Trailer Us
0%
74M Views (2018) Official Trailer 2 | 88M Views (2018) Official Trailer Venom
0%
53M Views (2021) Official Trailer Venom: Let There Be Carnage
0%
25M Views (2024) Final Trailer | 40M Views (2024) Official Trailer Venom: The Last Dance
0%
42M Views (2022) Official Trailer Violent Night
0%
32M Views (2016) Official Trailer Warcraft
0%
32M Views (2025) Official Trailer Weapons
0%
44M Views (2020) Official Trailer Wonder Woman 1984
0%
47M Views (2023) Official Trailer Wonka
0%
38M Views (2013) Official Trailer World War Z
0%
57M Views (2016) Teaser Trailer X-Men Apocalypse
0%
38M Views (2014) Official Trailer X-Men Days Of Future Past
0%
No matching quizzes found
Score Distribution
Percent of People with Each Score
Percentile by Number Answered
Your Score History
You have not taken this quiz